• 首页
  • 本馆介绍
  • 公告通知
  • 最新文献
  • 馆藏检索
  • 电子资源
  • 读者导购
  • 参考咨询
  • 我的图书馆
  • 登录
  • 详细信息显示
  • 放入我的书架
  • 预约/预借图书
  • 作者相关作品
  • 分类相关作品
  • 丛书相关作品
  • 出版社相关作品

书目信息

  • 表格格式
  • 工作单格式
  • 卡片格式
题名:
MBA英文案例阅读
    
 
作者: 崔志国 主编 ;徐绍峰 , 高洁 编注
分册: 下   组织结构管理篇·信息系统管理篇
出版信息: 北京   北京大学出版社  2002
页数: 12,349页
开本: 20cm
丛书名:
单 册:
中图分类: H319.4:F203.9 , H319.4:F
科图分类:
主题词: 工商行政管理--案例--世界--英文 , 英语--研究生--语言读物 , 工商行政管理
电子资源:
ISBN: 7-301-05459-9
000 01215nam0 2200313 450
001 012007063936
005 20070612111143.87
010    @a7-301-05459-9@dCNY16.00
100    @a20070514d2002 km y0chiy0120 ea
101 0  @achi@aeng
102    @aCN@b110000
105    @ay z 000yy
106    @ar
200 1  @aMBA英文案例阅读@AMBA ying wen an li yue du@h下@i组织结构管理篇·信息系统管理篇@f崔志国主编@Fcui zhi guo zhu bian@g徐绍峰,高洁编注@Gxu shao feng,gao jie bian zhu
210    @a北京@c北京大学出版社@d2002
215    @a12,349页@d20cm
300    @a北大未来经理人必读英语注释读物
330    @a本册精选了组织管理(18篇)以及信息系统管理(29篇)方面的案例,共计47篇,详细介绍了当前组织管理领域的众多焦点问题以及信息管理系统在企业经营中的应用和重要性。
517 1  @a组织结构管理篇·信息系统管理篇@Azu zhi jie gou guan li pian·xin xi xi tong guan li pian
606 0  @a工商行政管理@x案例@y世界@x英文
606 0  @a英语@x研究生@j语言读物
606 0  @a工商行政管理
690    @aH319.4:F203.9@v4
690    @aH319.4:F@v3
701  0 @a崔志国@Acui zhi guo@4主编
702  0 @a徐绍峰@Axu shao feng@4编注
702  0 @a高洁@Agao jie@4编注
801  0 @aCN@bRULIN@c20070612
905    @dH319.4:F@e1205:3@s8
    
    MBA英文案例阅读.下.组织结构管理篇·信息系统管理篇/崔志国主编/徐绍峰,高洁编注.-北京:北京大学出版社,2002
    12,349页;20cm
    北大未来经理人必读英语注释读物
    
    ISBN 7-301-05459-9:CNY16.00
    本册精选了组织管理(18篇)以及信息系统管理(29篇)方面的案例,共计47篇,详细介绍了当前组织管理领域的众多焦点问题以及信息管理系统在企业经营中的应用和重要性。
●
相关链接 在E读中查询图书 在五车中查询图书 在当当中查询图书 在豆瓣中查询图书


正题名:MBA英文案例阅读     索取号:H319.4:F/1205:3         预约/预借

序号 登录号 条形码 馆藏地/架位号 状态 备注
1 0577187   205771878   第二样本阅览室/ [索取号:H319.4:F/1205:3] 在馆    
2 0577188   205771887   第四借阅区/ [索取号:H319.4:F/1205:3] 在馆    
3 0577189   205771896   第四借阅区/ [索取号:H319.4:F/1205:3] 在馆    
4 0577190   205771903   第四借阅区/ [索取号:H319.4:F/1205:3] 在馆    
5 0577191   205771912   第四借阅区/ [索取号:H319.4:F/1205:3] 在馆    
6 0577192   205771921   第四借阅区/ [索取号:H319.4:F/1205:3] 在馆    
7 0577193   205771930   第四借阅区/ [索取号:H319.4:F/1205:3] 在馆    
8 0577194   205771949   第四借阅区/ [索取号:H319.4:F/1205:3] 在馆    
唐山师范学院图书馆 欢迎您!
大连网信软件有限公司© 版权所有